000 00301nam a2200133Ia 4500
005 20251222144752.0
008 251222s9999||||xx |||||||||||||| ||spa||
020 _a88-7715-140-4
082 _a455.02/T79
100 _aTrenta Lucaroni, Vanda
245 0 _aParole:
264 _bGuerra
942 _cLIB
999 _c19385
_d19385